Регионална библиотека "Любен Каравелов" - Русе

Вътрешна уредба на трудовите отношения в предприятието (Запис номер 75525)

MARC детайли
000 -Лидер
Контролно поле с фиксирана дължина 01907nam a2200397 c 4500
003 - Код на организацията, давaща контролен номер
Контролно поле BLK
005 - Дата и час на последна редакция
Контролно поле 20180420224144.0
008 - Елементи от данни с фиксирана дължина
fixed length control field 180408b bul|||||r ||||||| ||bul||
010 ## - Наследен системен номер
LC control number KNG00079943000
020 ## - Международен стандартен номер на книга ISBN
Международен стандартен номер на книга ISBN 978-954-608-147-6
-- издат.: Труд и право
040 ## - Източник на каталожния запис
Идентификатор на билиотеката - собственик на записа BLK
041 ## - Код за език
Код за езика на текст/звукозапис или на отделно заглавие Български
Код за езика КДБФ Български
080 ## - УДК
Текстов определител УДК Теория на труда. Икономика на труда. Взаимоотношения между работещи и администрация (работодатели)
УДК код - определител по УДК 331.1
УДК определител (497.2)(035)
УДК - код + определител 331.1(497.2)(035)
080 ## - УДК
Текстов определител УДК Трудови отношения
УДК код - определител по УДК 349.22
УДК определител (497.2)(035)
УДК - код + определител 349.22(497.2)(035)
100 1# - Редна дума - Автор
Автор Микова, Величка
Авторска отговорност първи автор
R(LIN) 284843
139 ## - Редно поле
Редна дума Вътрешна уредба на трудовите отношения в предприятието
Авторски знак Въс - В 98
245 10 - Сведения за заглавието
Заглавие Вътрешна уредба на трудовите отношения в предприятието
Подзаглавни данни Процедури и приложни док.
Редно поле (дума) Величка Микова.
250 ## - Област на изданието
Сведения за изданието 2. прераб. и доп. изд.
257 ## - Страна на издаване
Страна на създаване/издаване България
260 ## - Област на издателските данни
-- София
Име на издателя, разпространителя и проч. Труд и право
Година на издаване 2007
Печатница София : Д. Благоев
300 ## - Физическа характеристика
Страници 800 с.
Размери/Мащаб 21 см
380 ## - Жанр
Жанр Обществени науки
500 ## - Общи забележки
Забележка 1. изд. 2004 със загл. Процедури и приложни документи по трудовите отношения.
650 #4 - Допълнително описание по предмет – тема
Основно описание – тема или топоним Труд - България
9 (RLIN) 266575
650 #4 - Допълнително описание по предмет – тема
Основно описание – тема или топоним Трудово право - България - наръчници и ръководства
9 (RLIN) 284059
651 #4 - Допълнително описание по предмет - топоним
Географско понятие България
9 (RLIN) 241624
653 ## - Ключова дума – ненормативна
Ключова дума трудови отношения
653 ## - Ключова дума – ненормативна
Ключова дума трудово право
653 ## - Ключова дума – ненормативна
Ключова дума наръчници
653 ## - Ключова дума – ненормативна
Ключова дума ръководства
852 ## - Местоположение
Форматна сигнатура Цб 237408
856 4# - Електронен адрес и достъп
Електронен формат pdf - файл
Път до файла /url/
856 4# - Електронен адрес и достъп
Електронен формат pdf - файл
Път до файла /url/
942 ## - АРТИКУЛИ
Вид на библиотечния материал Книги
Скрит в OPAC Не
944 ## - СЪЗДАВАНЕ И РЕДАКЦИЯ на ЗАПИСА
Създаване/Редакция Създаване
Дата на регистрацията/редакция 06.12.2007
Служител, извършил регистрацията/редакцията Геновева_Генчева
944 ## - СЪЗДАВАНЕ И РЕДАКЦИЯ на ЗАПИСА
Създаване/Редакция Редакция
Дата на регистрацията/редакция 26.08.2008
Служител, извършил регистрацията/редакцията
999 ## - СИСТЕМНИ КОНТРОЛНИ НОМЕРА
Koha biblionumber 75525
Koha biblioitemnumber 75525
Наличности
Код за отписване Код за изгубен артикул Източник на класификационната схема Код за повреда Коз за рестрикции Код за отдаване Артикулен № Име на библиотеката - собственик Име на библиотеката, в която се намира в момента Статус (Текущо местоположение) Дата на вписване в системата Местоположение - отдел Цена в лева Инвентарен номер Систематично азбучна сигнатура Баркод Номер на екземпляра Цена в евро Служебна бележка Служебен тип на артикула
Изтеглен Не е изгубен Universal Decimal Classification Не е повреден без рестрикции заемане за дома 122640 Регионална библиотека "Любен Каравелов" Русе Регионална библиотека "Любен Каравелов" Русе Заемна - подръчен фонд 2007-11-30 Заемна - подръчен фонд 0.00 120000720858 П 331.1/В 98 120000720858 1 0.00 Дост: Pk Вид: Ф N: 11788 Дата: 27.11.2007 Дата инв: 22.01.2015 Бележки инв: П2015 Книги
Изтеглен Не е изгубен   Не е повреден без рестрикции ползва се в читалня 122641 Регионална библиотека "Любен Каравелов" Русе Регионална библиотека "Любен Каравелов" Русе Читалня 2007-11-30 Читалня 24.00 120000720859 Ч 331/В 98 120000720859 2 12.27 Дост: Pk Вид: Ф N: 11788 Дата: 27.11.2007 Дата инв: 29.03.2017 Бележки инв: Ч2017 Книги
  Не е изгубен   Не е повреден без рестрикции ползва се в читалня 122642 Регионална библиотека "Любен Каравелов" Русе Регионална библиотека "Любен Каравелов" Русе Хранилище 2008-08-22 Хранилище 24.00 120000728206 Цб 237408 120000728206 3 12.27 Дост: Dp Вид: Д N: 21 Дата: 07.05.2008 Книги
Vip Innovations Ltd, Rousse, Bulgaria 2025